000 00449cam a22001814a 4500
005 20250605163609.0
008 250528s ||||||||||||||||||||||||d
035 _a22460
020 _a9789604172757
040 _aGR-AtMCL
_bgre
_dGR-AtMCL
_eAACR2
245 1 _aΌΣΑ ΞΕΡΩ ΓΙΑ ΤΗΝ ΑΓΑΠΗ
250 _a1
260 _bΕμπειρια Εκδοτικη,
_c2005
300 _a172
942 _cBK
999 _c7512
_d7512